Statistieken voor UEFA Nations League Divisie C 2018/2019 - voetbal

Klik hier om de quiz te nemen!

Algemene statistieken

  • Deze quiz is 12 keer genomen
  • De gemiddelde score is 11 van 15

Antwoordstatistieken

HintAntwoord% Correct
2Bulgarije
89%
1Finland
89%
2Montenegro
89%
3Noorwegen
89%
4Estland
78%
2Griekenland
78%
3Hongarije
78%
1Litouwen
78%
1Schotland
78%
2Servië
78%
1Albanië
67%
3Cyprus
67%
4Roemenië
67%
3Slovenië
67%
4Israël
33%

Scoreverdeling

Percentiel versus Aantal Correcte Antwoorden

Procent van Mensen met Elke Score

Uw Scoregeschiedenis

U heeft deze quiz nog niet genomen